| 000 | 00642nam a22002531c 4500 | ||
|---|---|---|---|
| 001 | a987673733 | ||
| 008 | 150123s1978 gw |||| 000u ger d | ||
| 041 | _ager | ||
| 100 | 1 | _aScholz-Doutine, Heike | |
| 245 | 0 | 4 | _aDas deutsch-russische Verhältnis im Spiegel der Hamburger Presse 1917 - 1923. |
| 264 |
_aKöln, _c1978 |
||
| 300 | _a309 S. | ||
| 502 | _aKöln, Univ., Diss., 1978 | ||
| 648 | 0 | _a1917-1923 | |
| 650 | 0 | _aPresse | |
| 650 | 0 | _aAußenpolitiki | |
| 651 | 0 | _aDeutschland | |
| 651 | 0 | _aHamburg | |
| 651 | 0 | _aSowjetunion | |
| 655 | 0 | _aHochschulschrift | |
| 942 | _cMG | ||
| 040 | _cRU-10907106 | ||
| 003 | RU-10907106 | ||
| 999 |
_c35870 _d35870 |
||